Statystyki dla Państwa które są w ONZ ale nie są w pełni uznawane

Kliknij tutaj aby rozwiązać quiz!

Ogólne statystyki

  • Ten quiz został rozwiązany 27 razy
  • Średni wynik to 3 z 6

Statystyki odpowiedzi

Ile Państw
nie uznaje
Państwo% Poprawnych
31Izrael
74%
14Chiny
63%
1Korea Południowa
58%
3Korea Północna
53%
1Armenia
37%
1Cypr
37%

Rozkład punktacji

Percentyl według liczby udzielonych odpowiedzi

Procent ludzi z każdym wynikiem

Twoja historia wyników

Nie rozwiązałeś tego quizu